000 00712nam a22001817a 4500
005 20251108175457.0
008 250721s2014 xx 000 0 ara d
082 1 4 _aم/956/ طبر
100 1 _aالطبري، ابو جعفر محمد بن جرير بن يزيد الأملي
245 1 0 _aتاريخ الطبري المسمى تاريخ الأمم و الملوك /
250 _aطبعه جديدة مرتبة ومرقمة الاحاديث
264 1 _aبيروت :
_bدار ابن جزم،
_c2014.
300 _aمج4.
650 1 7 _aالتاريخ الاسلامي
700 1 _aالقيسي، إياد بن عبد اللطيف بن ابراهيم
_eمحقق
942 _2ddc
_cREF
999 _c135031
_d135031